Normal view
MARC view
- Cabrera Pérez, Anastacio
Entry Nombre Personal
001 - NUMERO DE CONTROL
- campo de control: 51045
003 - IDENTIFICADOR DE NUMERO DE CONTROL
- campo de control: MX-MxUPN
005 - FECHA Y HORA DE LA ÜLTIMA TRANSACCIÓN
- campo de control: 20240214161205.0
008 - DATOS DE LONGITUD FIJA
- campo de control de longitud fija: 240214nn fcnnnbaan a aaa d
040 ## - FUENTE DE CATALOGACIÓN
- Agencia original de catalogación: MX-MxUPN
- Lenguaje de catalogación: spa
100 1# - ENCABEZAMIENTO - NOMBRE PERSONAL
- Nombre personal: Cabrera Pérez, Anastacio
400 1# - VEÁSE - NOMBRE DE PERSONA
- Personal name: Pérez, Anastasio Cabrera
670 ## - FUENTE EN LA QUE SE LOCALIZARON DATOS
- Cita de la fuente: Modernidad y educación para el medio indígena, 2005 :
- Información localizada: portada (Anastacio Cabrera Pérez)
902 ## - CATALOGADOR
- Catalogador: VíctorGodínez/140224
